Социалистическая идея и революционная перестройка

Detaylı Bibliyografya
Yazar: Горбачев М. С. Михаил Сергеевич
Özet:Исключено из фонда НТБ ТПУ
Dil:Rusça
Baskı/Yayın Bilgisi: Москва, Новости, 1989
Materyal Türü: Kitap
KOHA link:https://koha.lib.tpu.ru/cgi-bin/koha/opac-detail.pl?biblionumber=207442

MARC

LEADER 00000nam0a2200000 4500
001 207442
005 20231031191100.0
020 |a RU  |b 89-80376 
035 |a (RuTPU)RU\TPU\book\226285 
090 |a 207442 
100 |a 20120124d1989 m a0rusy5003 ca 
101 0 |a rus 
102 |a RU 
105 |a y z 000zy 
200 1 |a Социалистическая идея и революционная перестройка  |f М. С. Горбачев 
210 |a Москва  |c Новости  |d 1989 
215 |a 30,[1] с.  |d 20 см 
333 |a Исключено из фонда НТБ ТПУ 
700 1 |a Горбачев  |b М. С.  |g Михаил Сергеевич  |4 070 
801 0 |a RU  |b RuMRKP  |c 19950417  |g psbo 
801 1 |a RU  |b 63413507  |c 20120124 
801 2 |a RU  |b 63413507  |c 20170123  |g RCR 
942 |c BK